Ještě k revizi časových řad.
Reakcia na článok J. Jílka: "Postup čs. státní statistiky na cestě do Evropy" (Statistika 1/1992). Poznámky k praxi publikovania výšky národného dôchodku v ČSFR v minulosti. Oproti tvrdeniam J. Jílka poukazuje autor na to, že profesinálni pracovníci v štatistike sa napriek silným politickým tlakom n...
Salvato in:
| Autore principale: | |
|---|---|
| Natura: | Capitolo di libro |
| Lingua: | ceco |
| Soggetti: | |
| Tags: |
Nessun Tag, puoi essere il primo ad aggiungerne!!
|
MARC
| LEADER | 00000naa a2200000 4500 | ||
|---|---|---|---|
| 001 | r013229 | ||
| 005 | 20221213084615.7 | ||
| 041 | 0 | |a cze | |
| 044 | |a CZ | ||
| 245 | 1 | 0 | |a Ještě k revizi časových řad. |c J. Šulc |
| 520 | |a Reakcia na článok J. Jílka: "Postup čs. státní statistiky na cestě do Evropy" (Statistika 1/1992). Poznámky k praxi publikovania výšky národného dôchodku v ČSFR v minulosti. Oproti tvrdeniam J. Jílka poukazuje autor na to, že profesinálni pracovníci v štatistike sa napriek silným politickým tlakom nikdy neznížili k hrubému falšovaniu skutočnosti. | ||
| 610 | 2 | 0 | |a rady časové |
| 610 | 2 | 0 | |a revízia |
| 610 | 2 | 0 | |a ČSFR |
| 610 | 2 | 0 | |a FSÚ Praha |
| 610 | 2 | 0 | |a dôchodok národný |
| 100 | 1 | |a Šulc, Jaroslav | |